000 00503nam a2200181Ia 4500
005 20250508161522.0
008 008 250505s9999 xx 000 0 eng d
037 _aTextual
040 _aFEDL
_beng
_cFEDL
041 _aeng
_2eng
084 _aB, BHA
_qFEDL
100 _aBhave Vinoba
_9226668
245 0 _aBhoodan yajna: Land-gifts mission
260 _aAhmedabad, India
_bNavjivan Prakashan Mandir
_c1957
300 _axi,134p.
942 _cTEXL
_hB, BHA
999 _c1370485
_d1370485